| 000 | 01161nam a22003137a 4500 | ||
|---|---|---|---|
| 005 | 20220329141305.0 | ||
| 008 | 971010s1983 r 00010 d | ||
| 010 | _a65846 | ||
| 011 | _a66818 | ||
| 035 | _a75799 | ||
| 090 | _aTesis | ||
| 100 | 0 | 0 |
_aGarzón Puertas, F. Miguel. _947188 |
| 245 | _aEstudio preliminar sobre cuantificación de calcio y potasio en hojas, pedúnculo y fruto de aguacate, (Persea americana Mill) cv. Fuerte | ||
| 260 |
_aChapingo, Méx. : _bEl autor, _c1983 |
||
| 300 |
_a60 h. _b; láms. ; gráfs. |
||
| 500 | _a1992-584 | ||
| 502 | _aTesis (Ing. Agr. Esp. en Fitotecnia) -- UACH. Departamento de Fitotecnia | ||
| 590 |
_aALEPH _b10 _c20130110 _lUCH01 _h1358 |
||
| 590 |
_aBATCH-UPD _b10 _c20130110 _lUCH01 _h0727 |
||
| 590 |
_aBATCH-UPD _b10 _c20130410 _lUCH01 _h0411 |
||
| 590 |
_aBATCH-UPD _b10 _c20130913 _lUCH01 _h2303 |
||
| 590 |
_aCONVERSION _b10 _c20130109 _lUCH01 _h1336 |
||
| 650 | 1 | 4 |
_aAguacate _xAnálisis. _92492 |
| 650 | 1 | 4 |
_aAguacate _xEnfermedades. _92510 |
| 650 | 1 | 4 |
_aDiagnóstico foliar. _932394 |
| 650 | 1 | 4 |
_aPlantas _xDeficiencias nutritivas. _988812 |
| 901 | _aBK | ||
| 949 |
_bZA _cTESBD _d-8776 _eTS1 _h120 _i75799 _si |
||
| 999 |
_c65846 _d65846 |
||